Melanie Martinez Songs A-Z - Statistics

General Stats
  • This quiz has been taken 22 times
  • The average score is 16 of 20
Answer Stats
Hint Answer % Correct
C Carousel / Cry Baby / Cake / Class Fight / Copy Cat / Chatroom
100%
D Dollhouse / Dead to Me / Drama Club / Detention / Death / Disney Princess
100%
A Alphabet Boy / Avoidant
94%
S Sippy Cup / Soap / Show & Tell / Strawberry Shortcake / Spider Web
94%
T Training Wheels / Tag, You're It / Teddy Bear / The Principal / Teacher's Pet / Test Me / The Bakery / Tunnel Vision / The Contortionist / The Plague / The Vatican / The Last Two People On Earth
94%
M Milk and Cookies / Mrs. Potato Head / Mad Hatter / Moon Cycle / Milk of the Siren / Monopoly Man / Monolith
88%
W Wheels on the Bus / Womb / White Boy with a Gun / Weight Watchers
88%
H Highschool Sweethearts / Hell's Front Porch
82%
O Orange Juice
82%
F Fire Drill / Field Trip / Faerie Soirée
76%
G Gingerbread Man / Glued / Garbage / Grudges / Gutter
76%
N Nurse's Office / Notebook / Numbers / Nymphology
76%
P Pity Party / Pacify Her / Play Date / Powder / Pluto / Possession
76%
V Void
76%
B Bittersweet Tragedy / Brain & Heart / Battle of the Larynx / Batshit Intelligence
71%
E Evil
65%
L Linchbox Friends / Light Shower / Leeches
65%
R Recess
59%
I Is This a Cult?
47%
U Uncanny Valley
41%
No matching quizzes found
Score Distribution
Percent of People with Each Score
Percentile by Number Answered
Your Score History
You have not taken this quiz